Catálogo - Centro de Recursos para el Aprendizaje y la Investigación
Volver al Sitio - CRAI Biblioteca| 000 -CABECERA | |
|---|---|
| campo de control de longitud fija | 01902nam a2200337Ia 4500 |
| 001 - NÚMERO DE CONTROL | |
| campo de control | 26717 |
| 003 - IDENTIFICADOR DEL NÚMERO DE CONTROL | |
| campo de control | DR-UNIBE |
| 005 - FECHA Y HORA DE LA ÚLTIMA TRANSACCIÓN | |
| campo de control | 20260122155858.0 |
| 008 - DATOS DE LONGITUD FIJA--INFORMACIÓN GENERAL | |
| campo de control de longitud fija | 201005b2006 dr ||||| |||| 00| 1 spa d |
| 020 ## - NÚMERO INTERNACIONAL ESTÁNDAR DEL LIBRO | |
| Número Internacional Estándar del Libro | 9789945410204 |
| 040 ## - FUENTE DE LA CATALOGACIÓN | |
| Centro catalogador/agencia de origen | BIBLIOTECA UNIBE |
| Centro/agencia transcriptor | BIBLIOTECA UNIBE |
| Lengua de catalogación | spa |
| Normas de descripción | rda |
| 041 ## - CÓDIGO DE LENGUA | |
| Código de lengua del texto/banda sonora o título independiente | spa |
| 082 0# - NÚMERO DE LA CLASIFICACIÓN DECIMAL DEWEY | |
| Número de clasificación | RD 863.5 S718m |
| 100 10 - ENTRADA PRINCIPAL--NOMBRE DE PERSONA | |
| Nombre de persona | Soto Jiménez, José Miguel, |
| Fechas asociadas al nombre | 1956- |
| 9 (RLIN) | 48567 |
| Término indicativo de función/relación | autor |
| 245 10 - MENCIÓN DE TÍTULO | |
| Título | Memorias de Concho Primo / |
| Mención de responsabilidad, etc. | José Miguel Soto Jiménez |
| 260 4# - PUBLICACIÓN, DISTRIBUCIÓN, ETC. | |
| Lugar de publicación, distribución, etc. | Santo Domingo : |
| Nombre del editor, distribuidor, etc. | Fundación V República, |
| Fecha de publicación, distribución, etc. | 2006 |
| 300 4# - DESCRIPCIÓN FÍSICA | |
| Extensión | 746 páginas : |
| Otras características físicas | dibujos b/n ; |
| Dimensiones | 22 x 15 cm |
| 500 ## - NOTA GENERAL | |
| Nota general | Información del autor en la solapa, comentario de la obra en la contraportada. Imagen de portada: caricatura de Concho Primo, original de Bienvenido Gimbernard publicada en 1919, cedida para la obra por su hijo Jacinto Gimbernard |
| 505 ## - NOTA DE CONTENIDO CON FORMATO | |
| Nota de contenido con formato | Prólogo |<br/>Los albores |<br/>La primera república, 1844-1861 |<br/>Guerra restauradora, 1863-1865 |<br/>La segunda república, 1865-1916 |<br/>La tercera república y la era de Trujillo |<br/>Cuarta república<br/> |
| 520 4# - SUMARIO, ETC. | |
| Sumario, etc. | A lo largo de la obra y a través de su personaje principal se conoce la historia dominicana desde la época del Descubrimiento hasta el año 2002 cuando muere Joaquín Balaguer |
| 650 #7 - PUNTO DE ACCESO ADICIONAL DE MATERIA--TÉRMINO DE MATERIA | |
| Fuente del encabezamiento o término | lemb |
| Término de materia o nombre geográfico como elemento de entrada | Literatura dominicana |
| 9 (RLIN) | 48568 |
| 650 #7 - PUNTO DE ACCESO ADICIONAL DE MATERIA--TÉRMINO DE MATERIA | |
| Fuente del encabezamiento o término | lemb |
| Término de materia o nombre geográfico como elemento de entrada | Novela histórica dominicana |
| 9 (RLIN) | 1361 |
| 650 ## - PUNTO DE ACCESO ADICIONAL DE MATERIA--TÉRMINO DE MATERIA | |
| Fuente del encabezamiento o término | lemb |
| Término de materia o nombre geográfico como elemento de entrada | República Dominicana |
| Subdivisión geográfica | Historia |
| -- | Novela |
| 9 (RLIN) | 48569 |
| 951 ## - EQUIVALENCIA O REFERENCIA-CRUZADA--NOMBRE GEOGRÁFICO/NOMBRE DE ÁREA [OBSOLETO] [solamente CAN/MARC] | |
| Nombre geográfico | 20100103 09:28:04 |
| 700 10 - PUNTO DE ACCESO ADICIONAL--NOMBRE DE PERSONA | |
| Nombre de persona | Mateo, Andres L., |
| Fechas asociadas al nombre | 1946- |
| 9 (RLIN) | 37174 |
| Término indicativo de función/relación | prologuista |
| 700 10 - PUNTO DE ACCESO ADICIONAL--NOMBRE DE PERSONA | |
| Nombre de persona | Gimbernard, Bienvenido, |
| Fechas asociadas al nombre | 1884-1971 |
| 9 (RLIN) | 187330 |
| Término indicativo de función/relación | caricatura de portada |
| 700 10 - PUNTO DE ACCESO ADICIONAL--NOMBRE DE PERSONA | |
| Nombre de persona | Hutchinson, Rafael |
| 9 (RLIN) | 53464 |
| Término indicativo de función/relación | fotografias |
| -- | dibujos interiores |
| 700 10 - PUNTO DE ACCESO ADICIONAL--NOMBRE DE PERSONA | |
| Nombre de persona | Ellis, Gerald |
| 9 (RLIN) | 96608 |
| Término indicativo de función/relación | fotografias |
| -- | dibujos interiores |
| 710 1# - PUNTO DE ACCESO ADICIONAL--NOMBRE DE ENTIDAD CORPORATIVA | |
| Nombre de entidad corporativa o nombre de jurisdicción como elemento de entrada | Editorial Letra Gráfica |
| 9 (RLIN) | 201775 |
| Término indicativo de función/relación | cuidado de la edición |
| -- | diagramador |
| -- | diseño de portada |
| -- | fotos y dibujos interiores |
| 942 ## - ELEMENTOS DE PUNTO DE ACCESO ADICIONAL (KOHA) | |
| Tipo de ítem Koha | Libro (general) |
| Fuente del sistema de clasificación o colocación | Sistema de Clasificación Decimal Dewey |
| Estado de retiro | Estado de pérdida | Fuente del sistema de clasificación o colocación | No para préstamo | Código de colección | Localización permanente | Ubicación/localización actual | Fecha de adquisición | Total de préstamos | Signatura topográfica completa | Código de barras | Fecha visto por última vez | Fecha del último préstamo | Número de copia | Precio válido a partir de | Tipo de ítem Koha |
|---|---|---|---|---|---|---|---|---|---|---|---|---|---|---|---|
| Disponible | Sistema de Clasificación Decimal Dewey | General - Libros dominicanos | Biblioteca Central UNIBE | Biblioteca Central UNIBE | 21/10/2016 | 1 | RD 863.5 S718m | 100419 | 05/03/2025 | 05/03/2025 | Ej. 1 | 21/10/2016 | Libro (general) | ||
| Disponible | Sistema de Clasificación Decimal Dewey | General - Libros dominicanos | Biblioteca Central UNIBE | Biblioteca Central UNIBE | 12/11/2025 | RD 863.5 S718m | 260067 | 22/01/2026 | Ej. 2 | 22/01/2026 | Libro (general) |